000
00233nam a22001097a 4500
999
_c
171129
_d
171129
082
_a
_b
100
_a
Amoz Oz
245
_a
Elsewhere perhaps/
_c
by Amoz Oz
260
_a
Oxford:
_b
Oxford University,
_c
650
_a
942
_c
BK